000 00494nam a2200169Ia 4500
003 OSt
005 20200605151438.0
008 190216s9999||||xx |||||||||||||| ||und||
020 _a9798172733772
040 _coclc
082 _a327.5400904
_bBIJ/N
100 _aBiju, M R
_92509
245 0 _aNew Horizons Of Indian Foreign Policy /
_cM R Biju
260 _bAuthorspress,
_aDelhi:
_c2007.
300 _a311p
942 _cBK
_2ddc
_h327.5400904
_iBIJ/N
_k327.5400904
_mBIJ/N
999 _c21208
_d21208